Power circuit breaker theory and design

Guardat en:
Dades bibliogràfiques
Autor principal: Flurscheim, C. H (Autor)
Format: Llibre
Idioma:anglès
Publicat: Hemel Hempstead Peter Peregrinus 1982
Edició:2a. ed
Col·lecció:IEE Power Engineering Series, 1
Matèries:
Etiquetes: Afegir etiqueta
Sense etiquetes, Sigues el primer a etiquetar aquest registre!

MARC

LEADER 00000nam a2200000 a 4500
001 UCU5243
003 CL-VaPUC
008 960531e19820000uk |||||||||||||||||eng|d
082 0 4 |a 621.317  |b FLU  |2 21 
100 0 |a Flurscheim, C. H  |e author  |9 363141 
245 1 0 |a Power circuit breaker theory and design 
250 |a 2a. ed 
300 |a 600 p 
942 |c BK 
945 |d 19960531 00:00:00  |a paguirre 
260 |a Hemel Hempstead  |b Peter Peregrinus  |c 1982 
650 0 |a Circuitos eléctricos   |9 260262 
650 7 |a INTERRUPTORES ELECTRICOS  |2 CL-VaPUC  |9 263532 
650 0 |a Conductores eléctricos  |9 263132 
650 7 |a TECNOLOGIA ELECTRICA  |2 CL-VaPUC  |9 336952 
583 |a last modification  |c 20171204 04:46:45  |k Rodrigo Vera 
490 0 |a IEE Power Engineering Series, 1 
999 |c 248667  |d 248665 
952 |0 0  |1 0  |4 0  |6 621_317000000000000_FLU_1982  |7 0  |8 A  |9 265453  |a BIBING  |b BIBING  |d 2019-11-19  |i 167191K  |o 621.317 FLU 1982  |p 167191K  |r 2025-01-20  |w 2019-11-19  |y BK  |k EIE